Peppers : (Record no. 288880)
[ view plain ]
| 000 -LEADER | |
|---|---|
| fixed length control field | 01324cam a22003618a 4500 |
| 001 - CONTROL NUMBER | |
| control field | 17124734 |
| 003 - CONTROL NUMBER IDENTIFIER | |
| control field | PILC |
| 005 - DATE AND TIME OF LATEST TRANSACTION | |
| control field | 20151106091748.0 |
| 008 - FIXED-LENGTH DATA ELEMENTS--GENERAL INFORMATION | |
| fixed length control field | 120110s2012 mau b 001 0 eng |
| 010 ## - LIBRARY OF CONGRESS CONTROL NUMBER | |
| LC control number | 2012000312 |
| 020 ## - INTERNATIONAL STANDARD BOOK NUMBER | |
| International Standard Book Number | 9781845938253 (pbk.) |
| 035 ## - SYSTEM CONTROL NUMBER | |
| System control number | (DNAL)1092633 |
| 040 ## - CATALOGING SOURCE | |
| Original cataloging agency | DNAL/DLC |
| Transcribing agency | DNAL |
| Modifying agency | DLC |
| 042 ## - AUTHENTICATION CODE | |
| Authentication code | pcc |
| 050 00 - LIBRARY OF CONGRESS CALL NUMBER | |
| Classification number | SB 351.P4 |
| Item number | B67 2012 |
| 070 0# - NATIONAL AGRICULTURAL LIBRARY CALL NUMBER | |
| Classification number | SB 351.P4 |
| Item number | .B67 2012 |
| 082 00 - DEWEY DECIMAL CLASSIFICATION NUMBER | |
| Classification number | 635/.6437 |
| 100 1# - MAIN ENTRY--PERSONAL NAME | |
| Personal name | Bosland, Paul W. |
| 245 10 - TITLE STATEMENT | |
| Title | Peppers : |
| Remainder of title | vegetable and spice capsicums / |
| Statement of responsibility, etc | Paul W. Bosland and Eric J. Votava. |
| 250 ## - EDITION STATEMENT | |
| Edition statement | 2nd edition. |
| 260 ## - PUBLICATION, DISTRIBUTION, ETC. (IMPRINT) | |
| Place of publication, distribution, etc | Cambridge, MA : |
| Name of publisher, distributor, etc | CABI, |
| Date of publication, distribution, etc | 2012. |
| 263 ## - PROJECTED PUBLICATION DATE | |
| Projected publication date | 1210 |
| 300 ## - PHYSICAL DESCRIPTION | |
| Extent | xi, 230 pages : |
| Other physical details | illustrations ; |
| Dimensions | 23 cm. |
| 490 1# - SERIES STATEMENT | |
| Series statement | Crop production science in horticulture series ; |
| Volume number/sequential designation | [22] |
| 500 ## - GENERAL NOTE | |
| General note | Includes bibliographical references and index. |
| 505 0# - FORMATTED CONTENTS NOTE | |
| Formatted contents note | Taxonomy & genetic resources -- Botany -- Seeds -- Genetics, plant breeding, & biotechnology -- Chemical composition -- Production -- Harvesting -- Postharvest handling -- Diseases and pests. |
| 650 #0 - SUBJECT ADDED ENTRY--TOPICAL TERM | |
| Topical term or geographic name as entry element | Peppers. |
| 700 1# - ADDED ENTRY--PERSONAL NAME | |
| Personal name | Votava, E. J. |
| Fuller form of name | (Eric J.) |
| 830 #0 - SERIES ADDED ENTRY--UNIFORM TITLE | |
| Uniform title | Crop production science in horticulture ; |
| Volume number/sequential designation | [22]. |
| 906 ## - LOCAL DATA ELEMENT F, LDF (RLIN) | |
| a | 7 |
| b | rix |
| c | orignew |
| d | 1 |
| e | ecip |
| f | 20 |
| g | y-gencatlg |
| 942 ## - ADDED ENTRY ELEMENTS (KOHA) | |
| Source of classification or shelving scheme | Library of Congress Classification |
| Koha item type | Books |
| Call number prefix | Foreign |
| Withdrawn status | Lost status | Source of classification or shelving scheme | Damaged status | Home library | Current library | Shelving location | Date acquired | Source of acquisition | Cost, normal purchase price | Total Checkouts | Full call number | Barcode | Date last seen | Price effective from | Koha item type |
|---|---|---|---|---|---|---|---|---|---|---|---|---|---|---|---|
| Library of Congress Classification | College Library | College Library | Reserve Section | 11/04/2015 | Library Fund | 4298.00 | SB 351.P4 .B67 2012 | C20210 | 05/15/2018 | 11/04/2015 | Books |